Lenguaje y Comunicación 7: carpeta de actividades
Bewaard in:
| Hoofdauteurs: | , |
|---|---|
| Formaat: | Boek |
| Taal: | Spaans |
| Gepubliceerd in: |
Santiago
Norma de Chile
2003
|
| Editie: | 1a. ed |
| Onderwerpen: | |
| Tags: |
Voeg label toe
Geen labels, Wees de eerste die dit record labelt!
|
MARC
| LEADER | 00000nam a2200000 a 4500 | ||
|---|---|---|---|
| 001 | UCH8379 | ||
| 003 | CL-VaPUC | ||
| 008 | 091127e20030000CL |||||||||||||||||spa|d | ||
| 020 | |a 9567250758 | ||
| 082 | 0 | 4 | |a 372.6 |b CAR |2 21 |
| 100 | 0 | |a Carozzi, Mónica |e author |9 544943 | |
| 700 | 0 | |a Piantanida, Graciela |e author |9 544944 | |
| 245 | 1 | 0 | |a Lenguaje y Comunicación 7: carpeta de actividades |
| 250 | |a 1a. ed | ||
| 300 | |a 78 p | ||
| 942 | |c BK | ||
| 945 | |d 20091127 00:00:00 |a lazolas | ||
| 260 | |a Santiago |b Norma de Chile |c 2003 | ||
| 650 | 0 | |a Educación lingüística |9 306506 | |
| 650 | 0 | |a Educación básica |9 224933 | |
| 650 | 0 | |a Métodos de enseñanza |9 270413 | |
| 650 | 0 | |a Libros de texto |9 270019 | |
| 583 | |a last modification |c 20091127 00:00:00 |k Rodrigo Vera | ||
| 999 | |c 338593 |d 338591 | ||